000 00695nam a2200181Ia 4500
008 151018s9999 xx 000 0 und d
082 _bRBASDV28192
_a920
100 _aविजया इंगोले
245 _aज्ञानज्योती माई सावित्री फुले
250 _b1
260 _bआयुष्य
_c1994
300 _a246
600 _aविजया इंगोले
630 _aज्ञानज्योती माई सावित्री फुले
700 _aविजया इंगोले
730 _aज्ञानज्योती माई सावित्री फुले
942 _cBOOK
999 _c1027775
_d1027772